header

Storytellers, saints, and scoundrels (Record no. 43874)

MARC details
000 -LEADER
fixed length control field 01730nam a2200433 a 4500
082 04 - DEWEY DECIMAL CLASSIFICATION NUMBER
Classification number 398.08/82945
100 1# - MAIN ENTRY--AUTHOR NAME
Personal name Narayan, Kirin.
245 10 - TITLE STATEMENT
Title Storytellers, saints, and scoundrels
260 ## - PUBLICATION, DISTRIBUTION, ETC. (IMPRINT)
Place of publication Philadelphia :
Name of publisher University of Pennsylvania Press,
Year of publication c1989.
300 ## - PHYSICAL DESCRIPTION
Number of Pages x, 285 p. :
Other physical details ill., map.
490 1# - SERIES STATEMENT
Series statement Publications of the American Folklore Society, New series
500 ## - GENERAL NOTE
General note Includes index.
650 #0 - SUBJECT ADDED ENTRY--TOPICAL TERM
Topical Term Storytelling
Topical Term Asceticism
Topical Term Hindus
Topical Term Tales
Topical Term Hinduism
856 40 - ELECTRONIC LOCATION AND ACCESS
Uniform Resource Identifier http://site.ebrary.com/lib/rucke/Doc?id=10642649

No items available.

© 2026 Rongo University
Contact us: librarian | system librarian | Rongo university